Pétanque et jeu de boules dans les films français (par image) - Statistiques

Statistiques générales
  • Ce quiz a été pris 7 fois
  • Le résultat moyen est 3 sur 16
Statistiques - réponses
Par images Hint Réponse % Correct
Frédéric Forestier et Thomas Langmann Asterix aux Jeux olympiques
71%
Yves Robert La Gloire de mon père
71%
Jean Girault Le Gendarme en balade
71%
Gilles Grangier La Cuisine au beurre
29%
Marc Allegret Fanny
14%
Henri Colpi Heureux qui comme Ulysse
14%
Claude Zidi Inspecteur la bavure
14%
Pierre Richard Je suis timide mais je me soigne
14%
Philippe de Broca Le Magnifique
14%
Frédéric Berthe Les Invincibles
14%
Maurice Cloche (1961) Cocagne
0%
Maurice Regamey Honoré de Marseille
0%
Auguste et Louis Lumière La Partie de boule
0%
Christian Philibert Les 4 saisons d'Espigoule
0%
Sylvain Chomet Marcel et Monsieur Pagnol
0%
Josée Dayan Plein fer
0%
Aucun quiz correspondant
Distribution des résultats
% des personnes avec chaque résultat
Percentile par nombre de réponses
Votre historique - résultats
Vous n’avez pas pris ce quiz